Histoire de l´Admirable Don Quichotte (Record no. 2762)
[ view plain ]
| 000 -CABECERA | |
|---|---|
| campo de control de longitud fija | 01746nam a2200277 a 4500 |
| 001 - NÚMERO DE CONTROL | |
| campo de control | BRCA_3025 |
| 005 - FECHA Y HORA DE LA ÚLTIMA TRANSACCIÓN | |
| campo de control | 20190320204056.0 |
| 008 - DATOS DE LONGITUD FIJA--INFORMACIÓN GENERAL | |
| campo de control de longitud fija | 200109s1752----fr-#---###---#000-0#fre-# |
| 041 ## - CÓDIGO DE LENGUA | |
| Código de lengua del texto/banda sonora o título independiente | fre |
| 044 ## - CÓDIGO DEL PAÍS DE LA ENTIDAD EDITORA/PRODUCTORA | |
| Código MARC del país | fr |
| 084 ## - OTRO NÚMERO DE CLASIFICACIÓN | |
| Número de clasificación | 339 |
| Número de documento/Ítem | .L53 |
| -- | 1752 |
| 100 1# - ENTRADA PRINCIPAL--NOMBRE DE PERSONA | |
| Nombre de persona | Cervantes Saavedra, Miguel de |
| Fechas asociadas al nombre | 1547-1616 |
| 9 (RLIN) | 213 |
| 245 10 - MENCIÓN DE TÍTULO | |
| Título | Histoire de l´Admirable Don Quichotte |
| Mención de responsabilidad, etc. | Miguel de Cervantes Saavedra. |
| 260 ## - PUBLICACIÓN, DISTRIBUCIÓN, ETC. | |
| Lugar de publicación, distribución, etc. | París |
| Nombre del editor, distribuidor, etc. | Libraires associés |
| Fecha de publicación, distribución, etc. | 1752 |
| 300 ## - DESCRIPCIÓN FÍSICA | |
| Extensión | 6 v. |
| Dimensiones | 18 cm. |
| 500 ## - NOTA GENERAL | |
| Nota general | Contenido : v 1. Primera parte. Advertencia del traductor. Prólogo del autor. Texto. -- v 2. Texto. -- v 3. Segunda parte. Texto. -- v 4. Texto. -- v 5. Primera parte de la continuación por el traductor. -- v 6. Segunda parte de la continuación por el traductor. Aprobación. Privilegio del Rey |
| 500 ## - NOTA GENERAL | |
| Nota general | Edición : Traduite de l´Espagnol de Michael de Cervantes. Nouvelle edition revueé corrigée et augmentée |
| 500 ## - NOTA GENERAL | |
| Nota general | Edición ajustada a la de 1713, impresa por la Compaigne des Libraires, con la novedad de contener la traducción del prólogo que Cervantes puso a la primera parte, del cual carecen las demás reimpresiones de la traducción de Filleau de Saint-Martin. Sin láminas. El traductor de dicho prólogo fue, según L. Rius, el afamado crítico Thémiseul de S. Hyacinthe, conocido bajo el pseudonimo de el Dr. Mathanasius. Piel; lomeras decoradas con dorados Lúdovik Osterc |
| 500 ## - NOTA GENERAL | |
| Nota general | Estado físico : Los volumenes uno, tres y cuatro de esta edición presentan la encuadernación deteriorada |
| 500 ## - NOTA GENERAL | |
| Nota general | QM266 |
| 546 ## - NOTA DE LENGUA/LENGUAJE | |
| Nota de lengua/lenguaje | Texto en : francés |
| 700 1# - PUNTO DE ACCESO ADICIONAL--NOMBRE DE PERSONA | |
| Nombre de persona | Saint-Martin, Francois Filleau de |
| Fechas asociadas al nombre | 1632-1695 |
| Término indicativo de función/relación | Traductor |
| 9 (RLIN) | 8322 |
| 740 0# - PUNTO DE ACCESO ADICIONAL--TÍTULO RELACIONADO O ANALÍTICO NO CONTROLADO | |
| Título relacionado o analítico no controlado | El Ingenioso Hidalgo Don Quijote de la Mancha |
| 902 ## - CATALOGADOR | |
| Iniciales | QFM |
| 942 ## - ELEMENTOS DE PUNTO DE ACCESO ADICIONAL (KOHA) | |
| Fuente del sistema de clasificación o colocación | Library of Congress Classification |
| Tipo de ítem Koha | Libros |
| Estado de retiro | Estado de pérdida | Estado dañado | No para préstamo | Localización permanente | Ubicación/localización actual | Fecha de adquisición | Número de inventario | Total de préstamos | Signatura topográfica completa | Código de barras | Fecha visto por última vez | Precio válido a partir de | Tipo de ítem Koha |
|---|---|---|---|---|---|---|---|---|---|---|---|---|---|
| El ejemplar forma parte de la colección y puede ser consultado según las políticas vigentes. | Biblioteca del Museo Franz Mayer (Rogerio Casas-Alatriste) | Biblioteca del Museo Franz Mayer (Rogerio Casas-Alatriste) | 20/01/2009 | QM266 | 339 .L53 1752 (QM266) | 3022 | 22/03/2019 | 22/03/2019 | Libros |